| 000 | 00867cam a2200253 a 4500 | ||
|---|---|---|---|
| 001 | 1388143 | ||
| 005 | 20250818142933.0 | ||
| 008 | 820517s1983 nyu b 001 0 eng | ||
| 020 | _a0023200804 | ||
| 020 | _a9780023200809 | ||
| 050 | 0 | 0 |
_aB791 _b.C3 1983 |
| 082 | 0 | 0 |
_a190 _219 |
| 100 | 1 |
_aCastell, Alburey, _d1904- |
|
| 245 | 1 | 3 |
_aAn introduction to modern philosophy : _bexamining the human condition / _cAlburey Castell, Donald M. Borchert. |
| 250 | _a4th ed. | ||
| 260 |
_aNew York : _bMacmillan ; _aLondon : _bCollier Macmillan, _cc1983. |
||
| 300 |
_ax, 662 p. ; _c25 cm. |
||
| 500 | _aRev. ed. of: An introduction to modern philosophy in eight philosophical problems. 3rd ed. 1976. | ||
| 500 | _aIncludes index. | ||
| 650 | 0 | _aPhilosophy, Modern. | |
| 650 | 0 |
_aPhilosophy _vIntroductions. |
|
| 700 | 1 |
_aBorchert, Donald M., _d1934- |
|
| 942 |
_2lcc _cBK _n0 |
||
| 999 |
_c7288 _d7288 |
||